| 000 | 01166nac a22003371u 4500 | ||
|---|---|---|---|
| 003 | EG-ScBUE | ||
| 005 | 20220717113522.0 | ||
| 008 | 080805t2003 nyua f 000 0 eng d | ||
| 020 | _a0194384578 (teacher's book) | ||
| 020 | _a9780194384575 (teacher's book) | ||
| 020 | _a0194346587 (cassettes) | ||
| 020 | _a0194347451 (compact discs) | ||
| 040 |
_aEG-ScBUE _beng _erda _cEG-ScBUE _dEG-ScBUE |
||
| 082 | 0 | 4 |
_a428.34 _bDEV _222 |
| 245 | 0 | 0 |
_aDeveloping tactics for listening, _pTeacher's book / _cSue Brioux Aldcorn [and four others] |
| 264 | 1 |
_aNew York, NY ; _aOxford : _bOxford University Press, _c[2003] |
|
| 264 | 4 | _cc2003 | |
| 300 |
_avii, 176 pages : _bcolor illustrations ; _c28 cm + _e1 CD |
||
| 336 |
_2rdacontent _atext _btxt |
||
| 336 |
_2rdacontent _asounds _bsnd |
||
| 337 |
_2rdamedia _aunmediated _bn |
||
| 337 |
_2rdamedia _aaudio _bs |
||
| 338 |
_2rdacarrier _avolume _bnc |
||
| 338 |
_2rdacarrier _acomputer disc _bcd |
||
| 650 | 7 |
_aEnglish language _vTextbooks for foreign speakers. _2BUEsh |
|
| 651 | _2BUEsh | ||
| 653 | _bHHUUEENN | ||
| 655 |
_vReading book _934232 |
||
| 700 | 1 |
_aAldcorn, Sue Brioux, _eauthor. |
|
| 942 |
_cTR _k428.34 DEV _2ddc |
||
| 999 |
_c9709 _d9709 |
||